Servicios públicos domiciliarios en Colombia : (Registro nro. 30857)

Detalles MARC
000 -LEADER
fixed length control field 00788nam a22002057a 4500
003 - CONTROL NUMBER IDENTIFIER
control field OSt
005 - DATE AND TIME OF LATEST TRANSACTION
control field 20241015085631.0
008 - FIXED-LENGTH DATA ELEMENTS--GENERAL INFORMATION
fixed length control field 241015b |||ado|| |||| 00| 0 eng d
020 ## - INTERNATIONAL STANDARD BOOK NUMBER
International Standard Book Number 9789585918344
037 ## - SOURCE OF ACQUISITION
Source of stock number/acquisition Donación
040 ## - CATALOGING SOURCE
Original cataloging agency CO-JMCR
Language of cataloging spa
Transcribing agency CO-JMCR
Modifying agency CO-JMCR
Description conventions rda
041 0# - LANGUAGE CODE
Language code of text/sound track or separate title spa
082 04 - DEWEY DECIMAL CLASSIFICATION NUMBER
Edition number 23
Classification number 348.3
Item number S95s
110 2# - MAIN ENTRY--CORPORATE NAME
Corporate name or jurisdiction name as entry element Superintendencia de servicios públicos domiciliarios,
Relator term autor
9 (RLIN) 43883
245 10 - TITLE STATEMENT
Title Servicios públicos domiciliarios en Colombia :
Remainder of title Memoria, retos y visión /
Statement of responsibility, etc. Superintendencia de servicios públicos domiciliarios
260 ## - PUBLICATION, DISTRIBUTION, ETC.
Place of publication, distribution, etc. Bogotá D.C. :
Name of publisher, distributor, etc. Imprenta Nacional de Colombia,
Date of publication, distribution, etc. 2024.
300 ## - PHYSICAL DESCRIPTION
Extent 233 páginas :
Other physical details Ilustraciones, fotografías, gráficos ;
Dimensions 30 cm.
504 ## - BIBLIOGRAPHY, ETC. NOTE
Bibliography, etc. note Contiene referencias bibliográficas (página 227)
942 ## - ADDED ENTRY ELEMENTS (KOHA)
Source of classification or shelving scheme Dewey Decimal Classification
Koha item type Books
Existencias
Withdrawn status Lost status Source of classification or shelving scheme Damaged status Not for loan Collection code Home library Current library Shelving location Date acquired Source of acquisition Total Checkouts Full call number Barcode Date last seen Copy number Price effective from Koha item type
    Dewey Decimal Classification     Non-fiction Biblioteca Pública José María del Castillo y Rada Biblioteca Pública José María del Castillo y Rada Book Cart 10/08/2024 Donación   348.3 S95s 201812452 10/15/2024 Ej.1 10/15/2024 Books